Cronica de una muerte anunciada / (Record no. 28044)

MARC details
000 -LEADER
fixed length control field 00571nam a22002177a 4500
001 - CONTROL NUMBER
control field sjds
003 - CONTROL NUMBER IDENTIFIER
control field sjds
005 - DATE AND TIME OF LATEST TRANSACTION
control field 20230212213932.0
008 - FIXED-LENGTH DATA ELEMENTS--GENERAL INFORMATION
fixed length control field 230212b |||||||| |||| 00| 0 spa d
020 ## - INTERNATIONAL STANDARD BOOK NUMBER
International Standard Book Number 9789580425151
020 ## - INTERNATIONAL STANDARD BOOK NUMBER
International Standard Book Number 9580425159
020 ## - INTERNATIONAL STANDARD BOOK NUMBER
International Standard Book Number 7706894224432
040 ## - CATALOGING SOURCE
Transcribing agency sjds
041 ## - LANGUAGE CODE
Language code of text/sound track or separate title spa
100 1# - MAIN ENTRY--PERSONAL NAME
Personal name Garcia Marquez, Gabriel
245 10 - TITLE STATEMENT
Title Cronica de una muerte anunciada /
Statement of responsibility, etc. Gabriel Garcia Marquez
260 ## - PUBLICATION, DISTRIBUTION, ETC. (IMPRINT)
Place of publication, distribution, etc. Barcelona :
Name of publisher, distributor, etc. Grupo Editorial Norma,
Date of publication, distribution, etc. 2001
300 ## - PHYSICAL DESCRIPTION
Extent 104, 78 pages ;
Dimensions 19 cm
440 ## - SERIES STATEMENT/ADDED ENTRY--TITLE
Title Coleccion Cara y cruz
942 ## - ADDED ENTRY ELEMENTS (KOHA)
Koha item type Libro/Book
Holdings
Withdrawn status Lost status Damaged status Not for loan Home library Current library Date acquired Inventory number Total Checkouts Full call number Barcode Checked out Date last seen Date checked out Price effective from Koha item type
        San Juan Del Sur -- Biblioteca San Juan Del Sur -- Biblioteca 14/01/2026   1 JF 30028323 13/05/2026 08/04/2026 08/04/2026 14/01/2026 Libro/Book
        San Juan Del Sur -- Biblioteca San Juan Del Sur -- Biblioteca 14/01/2026   2 JF 30028326 13/05/2026 08/04/2026 08/04/2026 14/01/2026 Libro/Book
        San Juan Del Sur -- Mobile San Juan Del Sur -- Mobile 13/02/2023 Inventory date: 15-5-25   JF 30029879   13/02/2023   13/02/2023 Libro/Book
        San Juan Del Sur -- Mobile Tortuga 12/02/2023 Inventory date: 15-5-25 1 JF 30029843 15/04/2026 11/03/2026 11/03/2026 12/02/2023 Libro/Book
        San Juan Del Sur -- Mobile Tortuga 12/02/2023 Inventory date: 15-5-25 1 JF 30029842 15/04/2026 11/03/2026 11/03/2026 12/02/2023 Libro/Book
        San Juan Del Sur -- Mobile Tortuga 13/02/2023 Inventory date: 15-5-25 1 JF 30029880 15/04/2026 11/03/2026 11/03/2026 13/02/2023 Libro/Book

Powered by Koha